000 00459nam a2200181 a 4500
001 533
003 CO-ViMGA
008 141112s2004 ck r 000 u spa d
040 _aCO-ViMGA
_bspa
_cCO-ViMGA
082 0 4 _aBr 863.44 K352a
100 1 _aKendall, Sarita
_911552
245 1 0 _aAl rescate de Omacha
260 _aBogotá :
_bNorma,
_c1996
300 _a175 p : il
490 _aTorre de papel
650 1 4 _aCUENTOS BRASILEÑOS
_97665
942 _2ddc
_cBK
999 _c12774
_d12774